000 00402nam a22001697a 4500
020 _a9788175157088
082 _a621.8152
_bKHA/MA
100 _aKhaliq,Abdul
_9616
100 _aParvez, ,M
_9617
100 _aKhan,R.K
_9618
100 _aKrishna Kumar
_9619
245 _aMachine Drawing
250 _a2 nd
260 _aNew Delhi
_bGalgotia Publications Pvt.
_c2012
300 _a430
942 _cBK
999 _c14382
_d14382